000 00486nam a2200181Ia 4500
005 20250326130032.0
008 250326s9999 xx 000 0 und d
037 _aTextbook
040 _aFMSL
_beng
_cFMSL
041 _aeng
_2eng
084 _aS N8
_qFMSL
100 _aMckellar P
_9740050
245 0 _aExperience and behavior
_cMckellar P
260 _aNew Delhi
_bNew Delhi, Pelican Original
_c1968
300 _a423p
942 _cTB
_hS N8
999 _c1280642
_d1280642